Hour of the Olympics (Record no. 31439)

MARC details
000 -LEADER
fixed length control field 01325cam a2200373 a 4500
001 - CONTROL NUMBER
control field 39130196
003 - CONTROL NUMBER IDENTIFIER
control field OCoLC
005 - DATE AND TIME OF LATEST TRANSACTION
control field 20260109043501.0
008 - FIXED-LENGTH DATA ELEMENTS--GENERAL INFORMATION
fixed length control field 980428s1998 nyua b 000 1 eng
010 ## - LIBRARY OF CONGRESS CONTROL NUMBER
LC control number 98024100
020 ## - INTERNATIONAL STANDARD BOOK NUMBER
International Standard Book Number 9780590706469
020 ## - INTERNATIONAL STANDARD BOOK NUMBER
International Standard Book Number 0679890629 (pbk.)
020 ## - INTERNATIONAL STANDARD BOOK NUMBER
International Standard Book Number 0679990623 (lib. bdg.)
040 ## - CATALOGING SOURCE
Original cataloging agency DLC
Transcribing agency DLC
Modifying agency OCL
042 ## - AUTHENTICATION CODE
Authentication code lcac
050 00 - LIBRARY OF CONGRESS CALL NUMBER
Classification number PZ7.O81167
Item number Ho 1998
092 ## - LOCALLY ASSIGNED DEWEY CALL NUMBER (OCLC)
Classification number J
Item number FICTION OSBORNE
100 1# - MAIN ENTRY--PERSONAL NAME
Personal name Osborne, Mary Pope.
245 10 - TITLE STATEMENT
Title Hour of the Olympics
Number of part/section of a work 16 /
Statement of responsibility, etc. by Mary Pope Osborne ; illustrated by Sal Murdocca.
260 ## - PUBLICATION, DISTRIBUTION, ETC. (IMPRINT)
Place of publication, distribution, etc. New York :
Name of publisher, distributor, etc. Random House,
Date of publication, distribution, etc. c1998.
300 ## - PHYSICAL DESCRIPTION
Extent 70 p. :
Other physical details ill. ;
Dimensions 19 cm.
440 #0 - SERIES STATEMENT/ADDED ENTRY--TITLE
Title Magic tree house series ;
Volume/sequential designation 16.
500 ## - GENERAL NOTE
General note "A Stepping Stone book."
520 ## - SUMMARY, ETC.
Summary, etc. Their magic tree house takes Jack and Annie back to retrieve a lost story in ancient Greece, where they witness the original Olympic games and are surprised to find what girls of the time were not allowed to do.
521 0# - TARGET AUDIENCE NOTE
Target audience note "RL:2.3"--cover p. [4].
650 #1 - SUBJECT ADDED ENTRY--TOPICAL TERM
Topical term or geographic name as entry element Olympics
Form subdivision Juvenile fiction.
650 #1 - SUBJECT ADDED ENTRY--TOPICAL TERM
Topical term or geographic name as entry element Time travel
Form subdivision Juvenile fiction.
650 #1 - SUBJECT ADDED ENTRY--TOPICAL TERM
Topical term or geographic name as entry element Sex role
Form subdivision Juvenile fiction.
650 #1 - SUBJECT ADDED ENTRY--TOPICAL TERM
Topical term or geographic name as entry element Magic
Form subdivision Juvenile fiction.
650 #1 - SUBJECT ADDED ENTRY--TOPICAL TERM
Topical term or geographic name as entry element Tree houses
Form subdivision Juvenile fiction.
651 #1 - SUBJECT ADDED ENTRY--GEOGRAPHIC NAME
Geographic name Greece
Form subdivision Juvenile fiction.
700 1# - ADDED ENTRY--PERSONAL NAME
Personal name Murdocca, Sal.
Relator code ill.
942 ## - ADDED ENTRY ELEMENTS (KOHA)
Koha item type Libro/Book
Holdings
Withdrawn status Lost status Damaged status Not for loan Home library Current library Date acquired Total Checkouts Full call number Barcode Date last seen Price effective from Koha item type Date checked out
        San Juan Del Sur -- Biblioteca San Juan Del Sur -- Biblioteca 09/01/2026   JF 30031026 09/01/2026 09/01/2026 Libro/Book  
        San Juan Del Sur -- Biblioteca San Juan Del Sur -- Biblioteca 09/01/2026 1 JF 30031023 28/02/2026 09/01/2026 Libro/Book 29/01/2026
        San Juan Del Sur -- Biblioteca San Juan Del Sur -- Biblioteca 09/01/2026 1 JF 30031090 25/02/2026 09/01/2026 Libro/Book 11/02/2026
        San Juan Del Sur -- Biblioteca San Juan Del Sur -- Biblioteca 09/01/2026 1 JF 30031109 28/02/2026 09/01/2026 Libro/Book 29/01/2026

Powered by Koha